Homestuck OST - Statistics

General Stats
  • This quiz has been taken 15 times
  • The average score is 79 of 647
Answer Stats
Group Hint1 Hint2 Hint3 Hint4 Answer % Correct
Homestuck Vol. 4 13 [S] Jack: Ascend.[S] DD: Ascend. 16684942 Toby Fox Black
67%
Homestuck Vol. 1-4 40 [S] Jack: Ascend.[S] DD: Ascend. 16684942 Toby Fox Black
67%
Homestuck Vol. 4 10 [S] ACT 4 ==> 1358 Buzinkai Doctor
67%
Homestuck Vol. 1-4 37 [S] ACT 4 ==> 1358 Buzinkai Doctor
67%
Homestuck Vol. 5 71 [S] ACT 5 ACT 2 ==> 2626 Mark Hadley Homestuck
67%
Homestuck Vol. 6: Heir Transparent 07 [S] Past Karkat: Wake up.[S] Wake. 2792. 3297 Toby Fox MeGaLoVania
67%
Homestuck Vol. 4 08 [S] Enter. 1149 Michael Guy Bowman Sburban Jungle
67%
Homestuck Vol. 1-4 35 [S] Enter. 1149 Michael Guy Bowman Sburban Jungle
67%
Homestuck Vol. 10 20 [S] ==> 8130 Tensei Ascend
58%
Homestuck Vol. 8 36 [S] Cascade. 4109 Toby Fox, Tensei, Clark Powell, Malcolm Brown Cascade
58%
Homestuck Vol. 5 70 [S] Descend. 1940 Toby Fox Descend
58%
AlterniaBound 02 [S] Past Karkat: Wake up.[S] Kanaya: Return to the core. 2792. 3321 . Toby Fox Karkat's Theme
58%
Homestuck Vol. 9 41 [S] ACT 6 ACT 6 INTERMISSION 5 7449 Toby Fox Moonsetter
58%
[S] Collide. 2 [S] Collide. 8087 Toby Fox Oppa Toby Style
58%
AlterniaBound 07 [S] Past Karkat: Wake up. 2792 Toby Fox Vriska's Theme
58%
Prospit & Derse 7 [S] Rose and Dave: Shut up and jam. 1720 Solatrus Derse Dreamers
50%
Homestuck Vol. 1 02 [S] John: Enter.[S] ==> [S] YOU THERE. BOY. [S] ==> 00880186 0253 0338 Mark Hadley Harlequin
50%
Homestuck Vol. 1-4 02 [S] John: Enter.[S] ==> [S] YOU THERE. BOY. [S] ==> 00880186 0253 0338 Mark Hadley Harlequin
50%
Homestuck Vol. 9 07 [S][A6I3] ==> 5308 Toby Fox Hate You
50%
Prospit & Derse 3 Solatrus Prospit Dreamers
50%
Homestuck Vol. 5 03 [S] JOHN. RISE UP. Toby Fox Savior of the Waking World
50%
Homestuck Vol. 1 01 [S] John: Play haunting piano refrain.[S] YOU THERE. BOY. 0077. 0253 Kevin Regamey, Malcolm Brown Showtime (Piano Refrain)
50%
Homestuck Vol. 1-4 01 [S] John: Play haunting piano refrain.[S] YOU THERE. BOY. 0077. 0253 Kevin Regamey, Malcolm Brown Showtime (Piano Refrain)
50%
Homestuck Vol. 5 33 Toby Fox Sunsetter
50%
Homestuck Vol. 8 14 [S] Dirk: Synchronize.[S] Dirk: Unite. 52385252 Malcolm Brown Unite Synchronization
50%
Homestuck Vol. 1 07 [S] Rose: Youth roll right out the front door. 0388 Mark Hadley Aggrieve
42%
Homestuck Vol. 1-4 06 [S] Rose: Youth roll right out the front door. 0388 Mark Hadley Aggrieve
42%
AlterniaBound 12 [S] Kanaya: Return to the core. 3321 Toby Fox Eridan's Theme
42%
coloUrs and mayhem: Universe A 04 [S] ACT 6 ACT 6 INTERMISSION 1 6278 First Turn Fold Gold Pilot
42%
coloUrs and mayhem: Universe B 02 Monobrow Green Ghost
42%
Homestuck Vol. 5 01 [S] ACT 6 4113 Clark Powell Homestuck Anthem
42%
Unreleased Tracks [S] Terezi: Play records. 3725 Eddie Morton I'm a Member of the Midnight Crew
42%
Midnight Crew: Drawing Dead 06 Toby Fox Liquid Negrocity
42%
AlterniaBound 14 [S] Equius: Seek the highb100d. 3438 Toby Fox Nepeta's Theme
42%
Homestuck Vol. 9 08 Malcolm Brown Pumpkin Party in Sea Hitler's Water Apocalypse
42%
Homestuck Vol. 1 06 [S] John: Take bite of apple. 0246 Mark Hadley, Michael Guy Bowman Sburban Countdown
42%
Homestuck Vol. 1-4 05 [S] John: Take bite of apple. 0246 Mark Hadley, Michael Guy Bowman Sburban Countdown
42%
Squiddles! 01 Alexander Rosetti Squiddles!
42%
Homestuck Vol. 5 21 [S] Jade: STRIFE!!!!!!!!!!!! 3001 Seth Peelle Sunslammer
42%
AlterniaBound 05 [S] Past Karkat: Wake up. 2792 Toby Fox Terezi's Theme
42%
Alternia 17 Toby Fox Theme
42%
Homestuck Vol. 1 05 [S] Rose: Play a haunting refrain on the violin. 0222 Andrew Huo, Mark Hadley Aggrieve (Violin Refrain)
33%
Homestuck Vol. 1-4 04 [S] Rose: Play a haunting refrain on the violin. 0222 Andrew Huo, Mark Hadley Aggrieve (Violin Refrain)
33%
AlterniaBound 22 Seth Peelle Alternia
33%
Homestuck Vol. 7: At the Price of Oblivion 02 [S] ==> 3696 Malcolm Brown At The Price of Oblivion
33%
Homestuck Vol. 8 40 Malcolm Brown, Toby Fox Black Hole / Green Sun
33%
coloUrs and mayhem: Universe A 16 Ian White, Eston Schweickart Bronze Page
33%
coloUrs and mayhem: Universe A 03 Yan Rodriguez Bronze Rebel
33%
Cherubim 04 [S] GAME OVER. 6901 Malcolm Brown Carne Vale
33%
coloUrs and mayhem: Universe A 22 Ray McDougall Cobalt Thief
33%
Alternia 01 Toby Fox Crustacean
33%
Homestuck Vol. 9 01 Clark Powell, Astro Kid Crystalmethequins
33%
AlterniaBound 10 [S] Kanaya: Return to the core. 3321 Toby Fox Darling Kanaya
33%
Homestuck Vol. 8 10 [S][A6I3] ==> 5398 Toby Fox Davesprite
33%
Homestuck Vol. 8 02 [S] Terezi: Remem8er. 7959 Malcolm Brown Do You Remem8er Me
33%
The Felt 16 [S] Begin Intermission 2. 4111 Toby Fox English
33%
coloUrs and mayhem: Universe A 26 David Dycus Fuchsia Witch
33%
Homestuck Vol. 1-4 15 [S] Jade: Play a hauntingly relaxing bassline. 0822 Steve Everson Gardener
33%
coloUrs and mayhem: Universe A 17 repeatedScales Gold Mage
33%
Homestuck Vol. 6: Heir Transparent 12 [S] Past Karkat: Wake up. 2792 Alexander Rosetti Horschestra
33%
AlterniaBound 15 [S] Equius: Seek the highb100d.[S] Ride. 3438. 5655 Alexander Rosetti Horschestra STRONG Version
33%
coloUrs and mayhem: Universe A 05 [S] ACT 6 INTERMISSION 3 5263 Samm Neiland Iron Infidel
33%
coloUrs and mayhem: Universe A 18 DJ最テー Iron Knight
33%
coloUrs and mayhem: Universe A 07 Nathan H. Jade Mother
33%
coloUrs and mayhem: Universe A 20 [S][A6I3] ==> 5398 Frank Haught Jade Sylph
33%
Homestuck Vol. 3 06 [S] Jade: Open FreshJamz! 0830 Nick Smalley Ohgodwhat
33%
Homestuck Vol. 1-4 25 [S] Jade: Open FreshJamz! 0830 Nick Smalley Ohgodwhat
33%
Homestuck Vol. 3 07 [S] Jade: Open FreshJamz! 0830 Michael Guy Bowman Ohgodwhat Remix
33%
Homestuck Vol. 1-4 26 [S] Jade: Open FreshJamz! 0830 Michael Guy Bowman Ohgodwhat Remix
33%
coloUrs and mayhem: Universe A 19 [S][A6I3] ==> 5308 Eston Schweickart Olive Rogue
33%
coloUrs and mayhem: Universe A 06 Magnum Olive Scribe
33%
coloUrs and mayhem: Universe B 09 Plumegeist Orange Hat
33%
coloUrs and mayhem: Universe B 03 [S][A6I3] ==> 5398 David DeCou Orchid Horror
33%
coloUrs and mayhem: Universe B 08 Ryan Ames Pink Cat
33%
coloUrs and mayhem: Universe B 04 Nathan H. Red Disc
33%
coloUrs and mayhem: Universe A 15 [S][A6I3] ==> 5398 Plumegeist Rust Maid
33%
coloUrs and mayhem: Universe A 02 Willow Ascenzo Rust Servant
33%
Homestuck Vol. 7: At the Price of Oblivion 17 Malcolm Brown Savior of the Dreaming Dead
33%
Homestuck Vol. 1 03 [S] STRIFE! 0090 Malcolm Brown Showtime (Original Mix)
33%
Homestuck Vol. 1-4 03 [S] STRIFE! 0090 Malcolm Brown Showtime (Original Mix)
33%
Homestuck Vol. 2 08 [S] Jade: Open FreshJamz! 0830 Gabe Nezovic Showtime Remix
33%
Homestuck Vol. 1-4 16 [S] Jade: Open FreshJamz! 0830 Gabe Nezovic Showtime Remix
33%
coloUrs and mayhem: Universe A 21 [S][A6I3] ==> 5308 Kera Jones Teal Seer
33%
Homestuck Vol. 7: At the Price of Oblivion 04 [S] Seer: Ascend. 3744 Toby Fox Terezi Owns
33%
Alternia 04 Toby Fox The Lemonsnout Turnabout
33%
Homestuck Vol. 6: Heir Transparent 03 [S] Jade: Enter. 2927 Toby Fox Umbral Ultimatum
33%
Homestuck Vol. 2 03 [S] Dave: Ascend to the highest point of the building. 0665 Kalibration Upward Movement (Dave Owns)
33%
Homestuck Vol. 1-4 12 [S] Dave: Ascend to the highest point of the building. 0665 Kalibration Upward Movement (Dave Owns)
33%
coloUrs and mayhem: Universe A 25 [S][A6I3] ==> 5308 DJ最テー Violet Prince
33%
Alternia 07 Toby Fox Walls Covered in Blood
33%
Homestuck Vol. 2 09 [S] Jade: Open FreshJamz! 0830 Gabe Nezovic Aggrieve Remix
25%
Homestuck Vol. 1-4 17 [S] Jade: Open FreshJamz! 0830 Gabe Nezovic Aggrieve Remix
25%
Homestuck Vol. 3 03 [S] Dave: Abscond. 0871 Curt Blakeslee Beatdown Round 2
25%
Homestuck Vol. 1-4 22 [S] Dave: Abscond. 0871 Curt Blakeslee Beatdown Round 2
25%
Homestuck Vol. 3 01 [S] Dave: STRIFE. 0836 Curt Blakeslee Beatdown (Strider Style)
25%
Homestuck Vol. 1-4 20 [S] Dave: STRIFE. 0836 Curt Blakeslee Beatdown (Strider Style)
25%
Homestuck Vol. 10 04 Clark Powell, Astro Kid Beatup
25%
Homestuck Vol. 7: At the Price of Oblivion 01 [S] Seer: Descend. 3695 Malcolm Brown Black Rose / Green Sun
25%
Homestuck Vol. 4 04 [S] Jade: Retrieve package. 0980 Andrew Huo, Toby Fox Carefree Victory
25%
Homestuck Vol. 1-4 33 [S] Jade: Retrieve package. 0980 Andrew Huo, Toby Fox Carefree Victory
25%
Medium 6 Clark Powell Clockwork
25%
coloUrs and mayhem: Universe A 09 Max Wright Cobalt Corsair
25%
Homestuck Vol. 10 25 Seth Peelle Conclude
25%
Homestuck Vol. 10 01 Seth Peelle Creata
25%
Homestuck Vol. 5 16 [S] Jade: Open FreshJamz! 0830 Alexander Rosetti Crystalanthemums
25%
Homestuck Vol. 5 39 [S] Make her pay. 2578 Erik Scheele Crystamanthequins
25%
Unreleased Tracks [S] ACT 6 INTERMISSION 3 5263 Toby Fox Darling Dolorosa
25%
Homestuck Vol. 6: Heir Transparent 10 [S] Jane: Cautiously approach.[S] ACT 6 INTERMISSION 3 [S][A6I3] ==> [S][A6I3] ==> [S][A6I4] ==> [S][A6I4] ==> [S][A6I4] ==> [S][A6I4] ==> [S][A6I4] ==> [S!][A6I4] ==> [!!!][A6I4] ==> [S][A6I5] BEGIN INTERFISHIN [S][A6A6I1] ====> 4827. 5263 . 5308 5398 5471 5472 5473 5474 5485 5494 5495 5981 . 6400 Tensei Elevatorstuck
25%
Cherubim 11 [S] Caliborn: Enter.[S] ==> 52615440 Malcolm Brown Eternity Served Cold
25%
Homestuck Vol. 7: At the Price of Oblivion 03 [S] Roxy: Sleepwalk. 4486 Clark Powell Even in Death
25%
Homestuck Vol. 2 05 [S] WV: Ascend. 0757 Buzinkai, Michael Guy Bowman Explore
25%
Homestuck Vol. 1-4 14 [S] WV: Ascend. 0757 Buzinkai, Michael Guy Bowman Explore
25%
Homestuck Vol. 3 10 [S] Jade: Open FreshJamz! 0830 Gabe Nezovic Explore Remix
25%
Homestuck Vol. 1-4 28 [S] Jade: Open FreshJamz! 0830 Gabe Nezovic Explore Remix
25%
Homestuck Vol. 8 03 Clark Powell Flare
25%
Medium 4 Clark Powell Frogs
25%
Homestuck Vol. 6: Heir Transparent 01 [S] ==> 2988 Solatrus Frost
25%
Medium 5 Clark Powell Frost
25%
coloUrs and mayhem: Universe A 13 [S] ACT 6 INTERMISSION 3[S][A6A6I2] ====> 5263. 6552 Sinister Psyche Fuchsia Ruler
25%
Medium 7 Clark Powell Heat
25%
Strife! 2 [S] Kanaya: Return to the core. 3321 Tensei Heir Conditioning
25%
[S] Collide. 4 [S] Collide. 8087 Tensei Heir of Grief
25%
coloUrs and mayhem: Universe A 23 [S][A6I3] ==> 5398 Paul Tuttle Starr Indigo Heir
25%
Alternia 16 Toby Fox Keepers
25%
Homestuck Vol. 5 54 Erik Scheele Light
25%
Medium 1 Clark Powell Light
25%
Homestuck Vol. 5 34 Seth Peelle Lotus
25%
Homestuck Vol. 8 07 Toby Fox Love You (Feferi's Theme)
25%
coloUrs and mayhem: Universe A 30 James Roach Made of Time
25%
Homestuck Vol. 10 11 David Ellis Moonsweater
25%
Homestuck Vol. 1 09 [S] WHAT THIS IS SO OUTRAGEOUS 0418 Mark Hadley Nannaquin
25%
Homestuck Vol. 1-4 08 [S] WHAT THIS IS SO OUTRAGEOUS 0418 Mark Hadley Nannaquin
25%
Homestuck Vol. 5 27 [S] John: Enter village. 3079 Seth Peelle Planet Healer
25%
coloUrs and mayhem: Universe A 24 [S][A6I3] ==> 5308 Gec Purple Bard
25%
Medium 3 [S] ACT 6 ACT 3 4820 Clark Powell Rain
25%
Cherubim 01 Alexander Rosetti Reverie
25%
Homestuck Vol. 5 35 [S] Jane: Proceed. 4825 Erik Scheele, Michael Guy Bowman Ruins (With Strings)
25%
Homestuck Vol. 1 04 [S] ==> 0137 Michael Guy Bowman Sburban Jungle (Brief Mix)
25%
Homestuck Vol. 7: At the Price of Oblivion 19 Mark Hadley Sburban Reversal
25%
Medium 2 Clark Powell Shade
25%
Alternia 02 [S???] ======> 2070 Toby Fox Showdown
25%
Homestuck Vol. 1 08 [S] ==>==>==>!!!!!!!!![S] GET UP JOHN, THIS IS NO TIME FOR SLUMBER. [S] JOHN, SALVAGE YOUR WEAPON AND FIGHT ON! 03930397 . . 0400 . . Buzinkai, Curt Blakeslee, Malcolm Brown Showtime (Imp Strife Mix)
25%
Homestuck Vol. 1-4 07 [S] ==>==>==>!!!!!!!!![S] GET UP JOHN, THIS IS NO TIME FOR SLUMBER. [S] JOHN, SALVAGE YOUR WEAPON AND FIGHT ON! 03930397 . . 0400 . . Buzinkai, Curt Blakeslee, Malcolm Brown Showtime (Imp Strife Mix)
25%
Song of Skaia 3 Mark Hadley Song of Skaia
25%
Homestuck Vol. 10 08 Kalibration Stride
25%
Homestuck Vol. 5 47 [S] Jade: Dream up extra arms and play advanced bass solo. 1026 Robert J! Lake The Beginning of Something Really Excellent
25%
Cherubim 10 Toby Fox The Lordling
25%
Homestuck Vol. 10 24 Alexander Rosetti THIS Pumpkin
25%
Midnight Crew: Drawing Dead 01 [S][I] ==> 1267 Clark Powell Three in the Morning
25%
Strife! 4 [S] Prince of Heart: Rise up. 4572 Tensei Time on My Side
25%
AlterniaBound 03 [S] Terezi: Play records. 3725 Erik Scheele Trollcops
25%
Homestuck Vol. 2 04 [S] WV: Lead your men to victory! 0721 David Ko Vagabounce
25%
Homestuck Vol. 1-4 13 [S] WV: Lead your men to victory! 0721 David Ko Vagabounce
25%
coloUrs and mayhem: Universe A 12 Willow Ascenzo Violet Mariner
25%
Homestuck Vol. 7: At the Price of Oblivion 16 [S] All: Behold glory of Zillyhoo. 3679 Michael Guy Bowman Warhammer of Zillyhoo
25%
Medium 8 Clark Powell Wind
25%
Unreleased Tracks [S][A6I3] ==> 5398 Toby Fox 108 Stars of Density
17%
Homestuck Vol. 6: Heir Transparent 19 Erik Scheele 3 In The Morning (Pianokind)
17%
Homestuck Vol. 8 23 Robert J! Lake Afraid of the Darko
17%
AlterniaBound 28 [S] Past Karkat: Wake up. 2792 Toby Fox AlterniaBound
17%
Homestuck Vol. 9 50 Michael Guy Bowman Another Countdown
17%
Homestuck Vol. 9 10 [S] Jane: Enter. 4665 Michael Guy Bowman Another Jungle
17%
AlterniaBound 01 Tensei Arisen Anew
17%
Homestuck Vol. 9 48 [S] Jane: Enter.[S] ACT 6 ACT 5 [S][A6I5] ==> 46655512 6231 Seth Peelle A Taste for Adventure
17%
Strife! 5 Tensei Atomic Bonsai
17%
Homestuck Vol. 4 12 [S] Dave: Accelerate. 1641 Toby Fox Atomyk Ebonpyre
17%
Homestuck Vol. 1-4 39 [S] Dave: Accelerate. 1641 Toby Fox Atomyk Ebonpyre
17%
Unreleased Tracks [S] Tricksters: Alchemize. 5763 Toby Fox A Very Trickster Mode Christmas
17%
Homestuck Vol. 4 07 [S] Jade: Pester John. 1073 Malcolm Brown Ballad of Awakening
17%
Homestuck Vol. 1-4 34 [S] Jade: Pester John. 1073 Malcolm Brown Ballad of Awakening
17%
Homestuck Vol. 10 15 Curt Blakeslee Beatdown DX
17%
coloUrs and mayhem: Universe B 05 David Ellis Blue Atom
17%
Homestuck Vol. 3 11 [S] Rose: Fast forward to now.[S] Frigglish: Fast forward to Jaspersprite. 0938. 4617 . . Michael Guy Bowman Chorale for Jaspers
17%
Homestuck Vol. 1-4 29 [S] Rose: Fast forward to now.[S] Frigglish: Fast forward to Jaspersprite. 0938. 4617 . . Michael Guy Bowman Chorale for Jaspers
17%
Homestuck Vol. 5 23 Steve Everson Chorale for War
17%
Homestuck Vol. 5 04 Clark Powell Clockwork Melody
17%
Cherubim 07 Erik Scheele Constant Confinement
17%
Cherubim 08 Michael Guy Bowman Constant Conquest
17%
Homestuck Vol. 6: Heir Transparent 02 Seth Peelle, Alexander Rosetti Courser
17%
[S] Collide. 1 [S] Collide. 8087 Seth Peelle Creata (Canon Edit)
17%
Homestuck Vol. 6: Heir Transparent 21 Solatrus Crystalanthology
17%
coloUrs and mayhem: Universe B 07 David Ellis Cyan Beast
17%
Strife! 3 Tensei Dance of Thorns
17%
Midnight Crew: Drawing Dead 03 [S] MIDNIGHT CREW: ACT 1031 0833 Mark Hadley Dead Shuffle
17%
Alternia 08 Toby Fox dESPERADO ROCKET CHAIRS,
17%
Homestuck Vol. 3 04 [S] Strife!!! 0918 David Ko Dissension (Original)
17%
Homestuck Vol. 1-4 23 [S] Strife!!! 0918 David Ko Dissension (Original)
17%
coloUrs and mayhem: Universe B 10 Elisa McCable Emerald Terror
17%
Homestuck Vol. 4 11 [S] ==> 1407 Buzinkai Endless Climb
17%
Homestuck Vol. 1-4 38 [S] ==> 1407 Buzinkai Endless Climb
17%
Homestuck Vol. 5 40 Perry Sullivan Endless Climbing
17%
[S] Collide. 3 [S] Collide. 8087 Malcolm Brown Eternity, Served Cold (Canon Edit)
17%
Homestuck Vol. 8 24 [S] ACT 6 ACT 4 5438 Clark Powell, Tavia Morra Even in Death (T'Morra's Belly Mix)
17%
One Year Older 08 Erik Scheele Game Over
17%
Cherubim 05 James Dever, Robert J! Lake Green Lolly
17%
Homestuck Vol. 2 06 [S] Jade: Play a hauntingly relaxing bassline. 0822 Bill Bolin Guardian
17%
Prospit & Derse 1 Solatrus Hallowed Halls
17%
Homestuck Vol. 5 09 Alexander Rosetti, Toby Fox Hardchorale
17%
Homestuck Vol. 4 02 [S] John: Mental breakdown. 0979 Mark Hadley Hardlyquin
17%
Homestuck Vol. 1-4 32 [S] John: Mental breakdown. 0979 Mark Hadley Hardlyquin
17%
Homestuck Vol. 3 02 [S] Jade: Descend.[S] Rose: Ascend. 08430879 Malcolm Brown Harleboss
17%
Homestuck Vol. 1-4 21 [S] Jade: Descend.[S] Rose: Ascend. 08430879 Malcolm Brown Harleboss
17%
Unreleased Tracks [S] MSPA Reader: Mental breakdown. 7448 Saw Hello Zepp
17%
Unreleased Tracks [S] ACT 6 ACT 6 6243 Toby Fox Homosuck Anthem
17%
Unreleased Tracks [S] ACT 6 ACT 6 ACT 5 7409 Toby Fox Homosuck Swan Song
17%
Homestuck Vol. 8 37 [S] DD: Ascend more casually. 4944 David Ko I'm a Member of the Midnight Crew (Acapella)
17%
coloUrs and mayhem: Universe A 10 Rachel Rose Mitchell Indigo Archer
17%
Homestuck Vol. 8 32 [S] END OF ACT 6 INTERMISSION 1 4390 Thomas Ferkol Infinity Mechanism
17%
Homestuck Vol. 9 22 Clark Powell, Robert J! Lake Jane Dargason
17%
Homestuck Vol. 1-4 11 [S] John: Sleep.[S] John: Wake up. 06440651 Toby Fox John Sleeps / Skaian Magicant
17%
Homestuck Vol. 2 11 [S] Jade: Open FreshJamz! 0830 Bill Bolin Kinetic Verdancy
17%
Homestuck Vol. 8 35 Seth Peelle Lotus (Bloom)
17%
The Wanderers 06 Toby Fox Mayor Maynot
17%
Homestuck Vol. 5 42 Alexander Rosetti Medical Emergency
17%
AlterniaBound 17 [S] Equius: Seek the highb100d. 3438 Mark Hadley Midnight Calliope
17%
Alternia 03 Toby Fox mIrAcLeS
17%
coloUrs and mayhem: Universe A 31 Dallas Ross Hicks Nine Lives One Love
17%
Homestuck Vol. 5 13 [S] Rose and Dave: Shut up and jam. 1720 Toby Fox Octoroon Rangoon
17%
Act 7 1 [S] ACT 7 8127 Clark Powell, Toby Fox Overture (Canon Edit)
17%
coloUrs and mayhem: Universe B 32 [S][A6A6I4] ====> 7098 James Roach Pipeorgankind
17%
Homestuck Vol. 3 12 [S] Ride.[S] Ride. ponypony2 Michael Guy Bowman Pony Chorale
17%
Homestuck Vol. 1-4 30 [S] Ride.[S] Ride. ponypony2 Michael Guy Bowman Pony Chorale
17%
Homestuck Vol. 1-4 19 [S] Jade: Open FreshJamz! 0830 Robert J! Lake Potential Verdancy
17%
Cherubim 02 Clark Powell Power Fantasy
17%
Homestuck Vol. 9 40 Clark Powell Princess of Helium
17%
Alternia 06 Toby Fox psych0ruins
17%
coloUrs and mayhem: Universe A 11 Kevin Grant Purple Tyrant
17%
Homestuck Vol. 3 08 [S] Jade: Open FreshJamz! 0830 BurnedKirby Rediscover Fusion
17%
Homestuck Vol. 1-4 27 [S] Jade: Open FreshJamz! 0830 BurnedKirby Rediscover Fusion
17%
Cherubim 06 James Dever, Robert J! Lake Red Sucker
17%
Homestuck Vol. 4 01 [S] John: Examine your dad's room. 0948 Malcolm Brown Revelawesome
17%
Homestuck Vol. 1-4 31 [S] John: Examine your dad's room. 0948 Malcolm Brown Revelawesome
17%
AlterniaBound 20 Malcolm Brown Rex Duodecim Angelus
17%
Homestuck Vol. 7: At the Price of Oblivion 12 [S] Terezi: Play records. 3725 Toby Fox Rumble at the Rink
17%
Homestuck Vol. 5 18 Erik Scheele Sarabande
17%
The Felt 11 David Ko Scratch
17%
Unreleased Tracks [S] Past Karkat: Wake up.[S] Terezi: Read note. 2792. 3718 Toby Fox Secret ROM
17%
Homestuck Vol. 9 09 Mark Hadley Skaianet
17%
Homestuck Vol. 5 02 [S] WV?: Rise up. 1801 Andrew Huo, Toby Fox Skaian Skirmish
17%
Homestuck Vol. 5 49 Anrew Huo Skaian Skuffle
17%
Homestuck Vol. 1 10 [S] GO ON. ==> 0422 Mark Hadley Skies of Skaia
17%
Homestuck Vol. 1-4 09 [S] GO ON. ==> 0422 Mark Hadley Skies of Skaia
17%
Homestuck Vol. 6: Heir Transparent 15 Mark Hadley Squidissension
17%
Cherubim 03 Robert J! Lake Stellarum Salve
17%
coloUrs and mayhem: Universe A 08 Willow Ascenzo Teal Hunter
17%
Unreleased Tracks [S][A6I3] ==> 5398 Yan Rodriguez The Brave and the Bronze
17%
Homestuck Vol. 7: At the Price of Oblivion 06 [S] Attempt rare and highly dangerous 5x SHOWDOWN COMBO. 4085 Erik Scheele The Carnival
17%
Alternia 11 Toby Fox The La2t Frontiier
17%
Cherubim 09 Thomas Ferkol The Lyrist
17%
Homestuck Vol. 6: Heir Transparent 05 Erik Scheele Tribal Ebonpyre
17%
Homestuck Vol. 9 06 Robert J! Lake Ugly Betty
17%
One Year Older 09 Erik Scheele Unlabeled
17%
Homestuck Vol. 2 10 [S] Jade: Open FreshJamz! 0830 Kalibration Verdancy (Bassline)
17%
Homestuck Vol. 1-4 18 [S] Jade: Open FreshJamz! 0830 Kalibration Verdancy (Bassline)
17%
Homestuck Vol. 5 15 [S] Rose and Dave: Shut up and jam. 1720 Robert J! Lake Welcome to the New Extreme
17%
Unreleased Tracks [S] Terezi: Play records. 3725 Toby Fox XROM
17%
coloUrs and mayhem: Universe A 28 Marcus Citrine Your Universe
17%
AlterniaBound 29 Toby Fox You Won A Combat
17%
Midnight Crew: Drawing Dead 13 Hilary Troiano Ace of Trump
8%
Homestuck Vol. 5 07 Mark Hadley Aggrievance
8%
One Year Older 15 Eston Schweickart Another Chance
8%
Homestuck Vol. 5 10 [S] Jade: Retrieve package. 0980 Kalibration An Unbreakable Union
8%
Homestuck Vol. 9 14 Clark Powell Austin, Atlantis
8%
Homestuck Vol. 7: At the Price of Oblivion 09 Erik Scheele Awakening
8%
Homestuck Vol. 5 28 [S] ==> 1656 Mark Hadley Bed of Rose's / Dreams of Derse
8%
AlterniaBound 04 [S] Flip. 3760 Malcolm Brown BL1ND JUST1C3 : 1NV3ST1G4T1ON !!
8%
Homestuck Vol. 9 44 Thomas Ferkol Cairo Overcoat
8%
One Year Older 07 Erik Scheele Cancerous Core
8%
Homestuck Vol. 5 61 James Dever Candles and Clockwork
8%
Midnight Crew: Drawing Dead 12 Robert J! Lake Carbon Nadsat / Cuestick Genius
8%
Homestuck Vol. 8 41 Mark Hadley Carefree Action
8%
Homestuck Vol. 8 39 Tensei Cascade (Beta)
8%
coloUrs and mayhem: Universe B 26 viaSatellite, infiniteKnife Clockstopper
8%
Homestuck Vol. 5 44 Clark Powell Clockwork Contrivance
8%
Homestuck Vol. 5 19 David Ko Clockwork Sorrow
8%
Unreleased Tracks [S][A6I3] ==> 5308 Toby Fox Crab Waltz
8%
Homestuck Vol. 9 15 Erik Scheele Despot
8%
Homestuck Vol. 1-4 41 Buzinkai Doctor (Original Loop)
8%
Homestuck Vol. 5 65 Gabe Nezovic Doctor Remix
8%
Homestuck Vol. 5 36 David Ko Ectobiology
8%
Unreleased Tracks [S][A6A6I4] ====> 7101 Toby Fox Elevatorstuck, with Meows
8%
One Year Older 04 Erik Scheele FantasyP
8%
AlterniaBound 09 David Ko FIDUSPAWN, GO!
8%
Homestuck Vol. 9 04 Buzinkai Firefly
8%
One Year Older 03 Erik Scheele Firefly Cloud
8%
Mobius Trip and Hadron Kaleido 5 Michael Guy Bowman Fly
8%
One Year Older 06 Erik Scheele Flying Car
8%
Sburb 02 James Dever, Erik Scheele Genesis
8%
Homestuck Vol. 5 56 Michael Guy Bowman Greenhouse
8%
Homestuck Vol. 2 01 [S] ==> 0476 Michael Guy Bowman, Joseph Aylsworth Harlequin (Rock Version)
8%
Homestuck Vol. 1-4 10 [S] ==> 0476 Michael Guy Bowman, Joseph Aylsworth Harlequin (Rock Version)
8%
Midnight Crew: Drawing Dead 18 Andrew Huo, Ian Taylor Hauntjelly
8%
Unreleased Tracks [S] Past Karkat: Wake up. 2792 Solatrus Hero's Growth
8%
Homestuck Vol. 8 15 Hillary Troiano Homefree
8%
Unreleased Tracks [S][A6A6I5] ====> 7928 James Roach Horsecatska
8%
Homestuck Vol. 8 38 Michael Guy Bowman How Do I Live (D8 Night Version)
8%
Homestuck Vol. 9 29 Michael Guy Bowman I'm a Member of the Midnight Crew (Post-Punk Version)
8%
Homestuck Vol. 9 28 [S][A6I3] ==> 5398 Michael Guy Bowman iRRRRRRRRECONCILA8LE
8%
Homestuck Vol. 8 34 Toby Fox Judgement Day
8%
Unreleased Tracks [S] ACT 6 ACT 5 ACT 2 5714 Toby Fox Kazoostuck
8%
Strife! 6 Tensei Knife's Edge
8%
Homestuck Vol. 5 41 David Ko Land of the Salamanders
8%
Homestuck Vol. 7: At the Price of Oblivion 08 Malcolm Brown Lifdoff
8%
Homestuck Vol. 5 22 Toby Fox Lotus Land Story
8%
Strife! 7 Tensei Make a Wish
8%
One Year Older 14 Erik Scheele Mother
8%
One Year Older 17 Erik Scheele Mother (Piano)
8%
AlterniaBound 13 [S] Kanaya: Return to the core. 3321 Toby Fox Nautical Nightmare
8%
One Year Older 13 Erik Scheele Negastrife
8%
Homestuck Vol. 6: Heir Transparent 17 [S] Past Karkat: Wake up. 2792 Toby Fox Nic Cage Song
8%
Unreleased Tracks [S][A6A6I4] ====> 7405 Alexander Rosetti not a creature was stirring
8%
One Year Older 02 Erik Scheele October
8%
Homestuck Vol. 10 03 Tensei Of Gods and Witches
8%
coloUrs and mayhem: Universe B 17 Gec Ohgodcat
8%
coloUrs and mayhem: Universe B 14 The Black Curtain Pale Rapture
8%
Homestuck Vol. 5 20 [S] Rose and Dave: Shut up and jam. 1720 Alexander Rosetti Phantasmagoric Waltz
8%
Homestuck Vol. 5 63 Steve Everson Plague Doctor
8%
Homestuck Vol. 7: At the Price of Oblivion 11 Kalibration Play The Wind
8%
Mobius Trip and Hadron Kaleido 8 Michael Guy Bowman Pumpkin Tide
8%
Homestuck Vol. 9 37 James Dever Red Miles
8%
Homestuck Vol. 9 39 Clark Powell Requited
8%
One Year Older 12 Erik Scheele Respit
8%
Homestuck Vol. 8 05 Clark Powell Serenade
8%
coloUrs and mayhem: Universe A 01 Toby Fox ~~SIDE 1~~
8%
coloUrs and mayhem: Universe B 01 Toby Fox ~~SIDE 1~~
8%
coloUrs and mayhem: Universe A 14 Toby Fox ~~SIDE 2~~
8%
coloUrs and mayhem: Universe B 06 Toby Fox ~~SIDE 2~~
8%
Homestuck Vol. 5 29 Kalibration Skaian Flight
8%
Homestuck Vol. 10 09 Thomas Ferkol Skaian Overdrive
8%
One Year Older 10 Erik Scheele Skaian Shrapnel
8%
Alternia 12 Toby Fox Skaian Summoning
8%
Homestuck Vol. 10 16 Marcy Nabors Solar Voyage
8%
Homestuck Vol. 7: At the Price of Oblivion 07 Tensei Spider8reath
8%
Alternia 14 [S] Past Karkat: Wake up. 2792 Toby Fox Spider's Claw
8%
Squiddles! 07 Erik Scheele Squiddles Campfire
8%
Strife! 1 Tensei Stormspirit
8%
One Year Older 01 Erik Scheele Sunrise
8%
coloUrs and mayhem: Universe A 29 Yan Rodriguez Superego
8%
coloUrs and mayhem: Universe A 32 Rachel Rose Mitchell Temporal Shenanigans
8%
Homestuck Vol. 8 27 Toby Fox The Lost Child
8%
One Year Older 11 Erik Scheele The Scratch
8%
Alternia 13 Toby Fox The Thirteenth Hour
8%
Homestuck Vol. 10 02 Buzinkai Train
8%
Unreleased Tracks [S] Jane: Blast off. 5712 Toby Fox Trickster Mode (Blast Off)
8%
Unreleased Tracks [S] Jane: Engage.[S] ==> [S] ==> [S] ==> 57115726 5740 5759 Toby Fox Trickster Mode (Engage)
8%
AlterniaBound 23 Erik Scheele Trollcops (Radio Play)
8%
One Year Older 05 Erik Scheele Underfoot
8%
One Year Older 16 Erik Scheele Under The Hat
8%
Homestuck Vol. 5 25 [S] Rose and Dave: Shut up and jam. 1720 Alexander Rosetti Unsheath'd
8%
Alternia 10 Toby Fox Virgin Orb
8%
Homestuck Vol. 10 14 Thomas Ferkol Voidlight
8%
Alternia 18 Toby Fox Walls Covered in Blood DX
8%
Unreleased Tracks [S][A6I2] ???[S][A6I3] ==> [S][A6I3] ==> [S][A6I3] ==> [S][A6I3] ==> [S][A6I3] ==> 48155373 5374 5375 5376 5377 Alexander Rosetti weird moody horse shit
8%
Homestuck Vol. 10 05 Team Dogfight You Killed My Father (Prepare to Die)
8%
coloUrs and mayhem: Universe A 27 Toby Fox ~~ADDITIONAL MAYHEM~~
0%
coloUrs and mayhem: Universe B 11 Toby Fox ~~ADDITIONAL MAYHEM~~
0%
AlterniaBound 26 Toby Fox A Fairy Battle
0%
Homestuck Vol. 1 11 Andrew Huo Aggrieve (Violin Redux)
0%
Homestuck Vol. 10 07 Mark Hadley Aggrievocation
0%
The Wanderers 02 Michael Guy Bowman Aimless Morning Gold
0%
Homestuck Vol. 8 11 Robert J! Lake Airtime
0%
Homestuck Vol. 9 13 Thomas Ferkol A Little Fight Mewsic
0%
Homestuck Vol. 5 53 Toby Fox Amphibious Subterrain
0%
Unreleased Tracks [S] RAP-OFF!!!!!!!!!! 4541 Malcolm Brown Anbroids
0%
Homestuck Vol. 9 02 Malcolm Brown Anbroids V2.0
0%
Midnight Crew: Drawing Dead 08 Mark Hadley Ante Matter
0%
The Felt 08 Clark Powell Apocryphal Anithesis
0%
Homestuck Vol. 8 18 Robert J! Lake Arcade Thunder
0%
Homestuck Vol. 9 12 Toby Fox ASSAULT
0%
Homestuck Vol. 6: Heir Transparent 20 [S] Past Karkat: Wake up. 2792 Toby Fox A Tender Moment
0%
Unreleased Tracks [S] WHEEEEEEEEEEE! 5776 Toby Fox A Very Trickster Mode Christmas (WHEEEEEEEEEEE!)
0%
Unreleased Tracks [S] HA HA HA! HE HE HE! HO HO HO! 5777 Toby Fox A Very Trickster Mode Christmas (With Fancy Santas)
0%
Homestuck Vol. 8 25 Thomas Ferkol Bargaining with the Beast
0%
The Felt 10 Clark Powell Baroqueback Bowtier (Scratch's Lament)
0%
Homestuck Vol. 9 45 Kalibration Battle Against an Unfathomable Enemy
0%
coloUrs and mayhem: Universe B 20 Elliot Colp Battle Brotocol
0%
Unreleased Tracks [S] Rose and Dave: Shut up and jam. 1720 Bill Bolin Beatdown Dance Praxis
0%
Unreleased Tracks [S] Rose and Dave: Shut up and jam. 1720 Bill Bolin Beatdown FTFOHCSSRMX
0%
Unreleased Tracks [S] Rose and Dave: Shut up and jam. 1720 Bill Bolin Beatdown Remix V.3
0%
coloUrs and mayhem: Universe B 21 Will Kommor Bec Noir
0%
Homestuck Vol. 9 23 Robert J! Lake Before the Beginning and After the End
0%
Mobius Trip and Hadron Kaleido 3 Michael Guy Bowman Beta Version
0%
Genesis Frog 15 Alexander Rosetti Bilious
0%
Homestuck Vol. 5 66 Robert J! Lake Biophosphoradelecrystalluminescence
0%
Homestuck Vol. 6: Heir Transparent 16 Mark Hadley Blackest Heart
0%
AlterniaBound 16 [S] Equius: Seek the highb100d.[S] END OF ACT 6 INTERMISSION 5 INTERMISSION 4 3438. 6066 . . Toby Fox Blackest Heart (With Honks)
0%
Midnight Crew: Drawing Dead 02 David Ko Blue Noir
0%
Homestuck Vol. 6: Heir Transparent 14 [S] Past Karkat: Wake up. 2792 Robert J! Lake Boy Skylark (Brief)
0%
Homestuck Vol. 9 33 Kalibration Break Shot
0%
Genesis Frog 11 Alexander Rosetti Breeding Duties
0%
Homestuck Vol. 10 18 Erik Scheele Breeze
0%
Homestuck Vol. 9 24 Thomas Ferkol Bridge of Stars
0%
Unreleased Tracks [S] Rose and Dave: Shut up and jam. 1720 Bill Bolin Browbeat
0%
Homestuck Vol. 9 26 Michael Guy Bowman Busting Makes Me Feel Good
0%
Genesis Frog 06 Alexander Rosetti Buy NAK Sell DOOF
0%
Homestuck Vol. 8 01 Michael Guy Bowman Calamity
0%
Homestuck Vol. 9 42 James Dever Candles and Clockwork (Alpha Version)
0%
Homestuck Vol. 5 62 Alexander Rosetti Can Town
0%
Unreleased Tracks [S] ==> 0338 Captain Planet Captain Planet - Ending Theme
0%
The Wanderers 01 Seth Peelle Carapacian Dominion
0%
Squiddles! 19 Alexander Rosetti Carefree Princess Berryboo
0%
Homestuck Vol. 10 12 Buzinkai Castle
0%
AlterniaBound 24 Toby Fox Catapult Capuchin
0%
Squiddles! 16 Alexander Rosetti Catchyegrabber (Skipper Plumbthroat's Song)
0%
Homestuck Vol. 5 69 Jared Micks Cathedral of the End
0%
Prospit & Derse 4 Solatrus Center of Brilliance
0%
Mobius Trip and Hadron Kaleido 7 Michael Guy Bowman Chain Of Prospit
0%
AlterniaBound 18 Thomas Ferkol Chaotic Strength
0%
The Felt 06 Solatrus Chartreuse Rewind
0%
coloUrs and mayhem: Universe B 28 David Dycus Checkmate
0%
Sburb 07 James Dever, Erik Scheele Chronicles
0%
The Felt 05 Thomas Ferkol Clockwork Reversal
0%
Genesis Frog 05 Alexander Rosetti Consorts' Intermezzo
0%
Homestuck Vol. 4 06 [S] Dave: Strife! 1070 Bill Bolin, Toby Fox Contention
0%
coloUrs and mayhem: Universe B 25 Haunter Coolkid
0%
Prospit & Derse 8 Solatrus Core of Darkness
0%
Homestuck Vol. 9 43 Alexander Rosetti Coursing
0%
Sburb 09 James Dever, Erik Scheele Creation
0%
Homestuck Vol. 9 25 Solatrus Cumulating Dreams
0%
coloUrs and mayhem: Universe B 18 Liam O'Donnell Cupcake Girl
0%
coloUrs and mayhem: Universe B 27 Max Wright Dapper Dueling
0%
Homestuck Vol. 5 51 Jared Micks Darkened
0%
Prospit & Derse 5 Solatrus Darkened Streets
0%
Mobius Trip and Hadron Kaleido 2 Michael Guy Bowman Dawn of Man
0%
Alternia 09 Toby Fox Death of the Lusii
0%
Homestuck Vol. 3 05 David Ko Dissension (Remix)
0%
Homestuck Vol. 1-4 24 David Ko Dissension (Remix)
0%
Homestuck Vol. 9 47 Team Dogfight Dogfight
0%
coloUrs and mayhem: Universe B 30 Elaine Wang Dord Waltz
0%
coloUrs and mayhem: Universe B 15 Brian Schaefer Do The Windy Thing
0%
AlterniaBound 06 Thomas Ferkol Dreamers and The Dead
0%
Homestuck Vol. 8 31 Thomas Ferkol Drift into the Sun
0%
Homestuck Vol. 5 31 Toby Fox Dupliblaze COMAGMA
0%
Homestuck Vol. 7: At the Price of Oblivion 15 Toby Fox Earthsea Borealis
0%
Homestuck Vol. 5 58 Steve Everson Ecstacy
0%
Sburb 03 James Dever, Erik Scheele Eden
0%
The Felt 15 Alexander Rosetti Eldritch
0%
Homestuck Vol. 5 24 Jared Micks Electromechanism
0%
Homestuck Vol. 9 20 Michael Guy Bowman Elephant Gun
0%
Homestuck Vol. 9 18 Malcolm Brown Encore
0%
The Wanderers 03 Erik Scheele Endless Expanse
0%
Homestuck Vol. 5 60 Jared Micks Endless Heart
0%
Homestuck Vol. 5 64 Steve Everson Enlightenment
0%
Genesis Frog 08 Alexander Rosetti Entrance of the Salamanders
0%
Homestuck Vol. 8 09 Michael Guy Bowman Escape Pod
0%
Homestuck Vol. 9 27 Robert J! Lake Everything is Something to Somebody
0%
Sburb 04 James Dever, Erik Scheele Exodus
0%
Homestuck Vol. 9 19 Mark Hadley Expedition
0%
Unreleased Tracks [S] John: Enter village.[S][o] ==> [S][A6A6I4] ====> 30973952 7086 Secret of Mana Fear of the Heavens
0%
Homestuck Vol. 10 17 Luke Benjamins, Robert J! Lake Feel (Alive)
0%
Mobius Trip and Hadron Kaleido 1 Michael Guy Bowman Forever
0%
Homestuck Vol. 10 10 Robert J! Lake Freefall
0%
Squiddles! 23 Alexander Rosetti Friendship Aneurysm
0%
Squiddles! 08 Seth Peelle Friendship is Paramount
0%
Homestuck Vol. 8 06 Erik Scheele Frog Forager
0%
Homestuck Vol. 8 12 Michael Guy Bowman Frog Hunt
0%
Genesis Frog 10 Alexander Rosetti Frogs' Intermezzo
0%
Genesis Frog 19 Alexander Rosetti Frogsong
0%
Homestuck Vol. 8 26 Toby Fox Frostbite
0%
Homestuck Vol. 9 51 [S][A6I1] Karkat: Mental breakdown.[S] Cage: Reveal plan. 4373. darkcage Toby Fox Frustracean
0%
Unreleased Tracks [S][A6I3] ==> 5308 Toby Fox G4M38L0RG
0%
Homestuck Vol. 6: Heir Transparent 09 Toby Fox Gaia Queen
0%
Homestuck Vol. 8 04 Thomas Ferkol Galactic Cancer
0%
Homestuck Vol. 8 16 Mark Hadley Galaxy Hearts
0%
Homestuck Vol. 6: Heir Transparent 04 Erik Scheele GameBro (Original 1990 Mix)
0%
Unreleased Tracks [S] ACT 6 INTERMISSION 3 5263 Toby Fox GameGlr
0%
Homestuck Vol. 9 11 Michael Guy Bowman GameGrl (Original 1993 Mix)
0%
Homestuck Vol. 5 45 Toby Fox Get Up
0%
Unreleased Tracks [S] ==> 0338 Ghostbusters Ghostbusters
0%
The Wanderers 04 Nick Smalley, Solatrus Gilded Sands
0%
Genesis Frog 13 Alexander Rosetti Great LOFAF Expedition of 2009
0%
Homestuck Vol. 4 05 [S] Jade: Dream up extra arms and play advanced bass solo. 1026 Bill Bolin Guardian V2
0%
Homestuck Vol. 8 22 James Dever, Michael Guy Bowman Gust of Heir
0%
Homestuck Vol. 5 08 Michael Guy Bowman, Toby Fox Happy Cat Song!
0%
Midnight Crew: Drawing Dead 11 Andrew Huo, Michael Guy Bowman Hauntjam
0%
Homestuck Vol. 8 30 Svix Havoc
0%
Homestuck Vol. 7: At the Price of Oblivion 10 [S] Terezi: Play records. 3725 Thomas Ferkol Havoc To Be Wrought
0%
Midnight Crew: Drawing Dead 04 Mark Hadley Hearts Flush
0%
Homestuck Vol. 5 05 Alexander Rosetti Heirfare
0%
Homestuck Vol. 6: Heir Transparent 13 Robert J! Lake Heir Transparent
0%
Midnight Crew: Drawing Dead 07 Alexander Rosetti Hollow Suit
0%
Homestuck Vol. 5 30 [S] John: Reunite with your loving wife and daughter.[S] Vriska: Watch street tough maverick with nothing to lose 1931. . 2787 . . Michael Guy Bowman How Do I Live (Bunny Back in the Box Version)
0%
The Felt 04 Toby Fox Humphrey's Lullaby
0%
Homestuck Vol. 8 29 Malcolm Brown Hussie Hunt
0%
Homestuck Vol. 6: Heir Transparent 06 [S] Terry: Fast forward to Liv.[S] Wait, what am I supposed to do with this bunny again? 5027. darkcage2 . . Michael Guy Bowman I Don't Want to Miss a Thing
0%
Unreleased Tracks [S] ==> 0338 Diane Warren I Don't Want to Miss a Thing
0%
Symphony Impossible to Play 3 Clark Powell III - Serenade
0%
Symphony Impossible to Play 2 Clark Powell II - Sarabande
0%
Symphony Impossible to Play 1 Clark Powell I - Overture
0%
Symphony Impossible to Play 4 Clark Powell IV - Anthem
0%
The Felt 01 Robert J! Lake Jade Dragon
0%
Homestuck Vol. 5 06 David Ko Jade's Lullaby
0%
Midnight Crew: Drawing Dead 16 Mark Hadley Joker's Wild
0%
AlterniaBound 21 [S][A6I3] MINISTRIFE!!![S][A6A6I5] ==> 5427. 7823 Toby Fox Killed by BR8K Spider!!!!!!!!
0%
Homestuck Vol. 8 20 Clark Powell Kingside Castle
0%
Midnight Crew: Drawing Dead 05 Kevin Regamey Knives and Ivory
0%
Homestuck Vol. 9 31 Clark Powell Lancer
0%
Squiddles! 09 Steve Everson Lazybones
0%
Homestuck Vol. 7: At the Price of Oblivion 13 Robert J! Lake Let's All Rock the Heist
0%
Squiddles! 22 [S] Jade: Wake up. 2848 Robert J! Lake Let the Squiddles Sleep (End Theme)
0%
Mobius Trip and Hadron Kaleido 6 Michael Guy Bowman Lies With The Sea
0%
Homestuck Vol. 10 21 Malcolm Brown Lilith in Starlight
0%
The Wanderers 11 Malcolm Brown Litrichean Rioghail
0%
Midnight Crew: Drawing Dead 17 Gabe Nezovic Livin' It Up
0%
Midnight Crew: Drawing Dead 10 Michael Guy Bowman, Fenris Lunar Eclipse
0%
Homestuck Vol. 7: At the Price of Oblivion 18 Michael Guy Bowman Maplehoof's Adventure
0%
coloUrs and mayhem: Universe B 24 Marcy Nabors March of the Batterwitch
0%
Homestuck Vol. 9 21 Solatrus, Nick Smalley Miasmajesty
0%
Homestuck Vol. 9 17 Michael Guy Bowman Minihoof's Adventure
0%
Squiddles! 20 Michael Guy Bowman Mister Bowman Tells You About the Squiddles
0%
Homestuck Vol. 5 32 Toby Fox Moonshatter
0%
Midnight Crew: Drawing Dead 14 Alexandar Rosetti Moonshine
0%
Homestuck Vol. 4 03 [S] Jade: Retrieve Package 0980 Bill Bolin Mutiny
0%
Homestuck Vol. 9 35 Svix Negative Aperture
0%
Unreleased Tracks [S] Past Karkat: Wake up. 2792 Toby Fox Nic Cage Romance
0%
Homestuck Vol. 2 07 [S] MIDNIGHT CREW: ACT 1031 0833 Bill Bolin Nightlife
0%
The Wanderers 14 Malcolm Brown Nightmare
0%
Homestuck Vol. 9 46 David Ellis Noirscape
0%
Mobius Trip and Hadron Kaleido 4 Michael Guy Bowman No Release
0%
Homestuck Vol. 8 42 Toby Fox null
0%
Song of Skaia 1 Mark Hadley Null
0%
Squiddles! 21 Mark Hadley Ocean Stars
0%
Homestuck Vol. 8 08 Michael Guy Bowman Ocean Stars Falling
0%
The Felt 12 Mark Hadley Omelette Sandwich
0%
Genesis Frog 03 Alexander Rosetti Our Glorious Speaker
0%
coloUrs and mayhem: Universe B 13 Shandy Pendulum
0%
coloUrs and mayhem: Universe B 19 Tristan Scroggins Phantasmic Youngsters
0%
Alternia 05 Toby Fox Phaze and Blood
0%
Homestuck Vol. 6: Heir Transparent 18 [S] Past Karkat: Wake up. 2792 Clark Powell Phrenic Phever
0%
coloUrs and mayhem: Universe B 16 Thomas Ibarra Pilot Light
0%
Genesis Frog 07 Alexander Rosetti Pink Shells
0%
Squiddles! 17 Alexander Rosetti Plumbthroat Gives Chase
0%
Genesis Frog 02 Alexander Rosetti Pondsquatter
0%
Genesis Frog 18 Alexander Rosetti Pondsquatter (Live Chamber Version)
0%
Homestuck Vol. 9 34 Solatrus Portrait
0%
Genesis Frog 01 Alexander Rosetti Prelude
0%
Unreleased Tracks Problem Sleuth Titlescreen ps_titlescreen Mark Hadley Problem Sleuth Theme
0%
Genesis Frog 04 Alexander Rosetti Prospitian Folklore
0%
Homestuck Vol. 5 14 Seth Peelle Pumpkin Cravings
0%
Homestuck Vol. 5 48 Robert J! Lake Pyrocumulus (Kickstart)
0%
Homestuck Vol. 8 19 Robert J! Lake Pyrocumulus (Sicknasty)
0%
Homestuck Vol. 8 28 Thomas Ferkol Questant's Lament
0%
The Wanderers 09 Alexander Rosetti Raggy Looking Dance
0%
Squiddles! 02 David Ko Rainbow Valley
0%
Sburb 08 James Dever, Erik Scheele Rapture
0%
Homestuck Vol. 3 09 [S] Jade: Open FreshJamz! 0830 Bill Bolin Rediscover Fusion Remix
0%
Homestuck Vol. 10 23 Marcy Nabors Renewed Return
0%
Sburb 05 James Dever, Erik Scheele Requiem
0%
The Wanderers 08 James Dever, Solatrus Requiem for an Exile
0%
AlterniaBound 11 Paige Turner Requiem of Sunshine and Rainbows
0%
AlterniaBound 30 Toby Fox Rest A While
0%
Sburb 10 James Dever, Erik Scheele Revelations I
0%
Sburb 11 James Dever, Erik Scheele Revelations II
0%
Sburb 12 James Dever, Erik Scheele Revelations III
0%
Homestuck Vol. 8 33 Nick Smalley, Michael Guy Bowman Revered Return
0%
The Felt 03 Clark Powell Rhapsody in Green
0%
The Wanderers 10 Toby Fox Riches to Ruins Movements I & II
0%
The Wanderers 12 Michael Guy Bowman Ruins Rising
0%
coloUrs and mayhem: Universe B 31 Gabe Stilez Rustless Fall
0%
Unreleased Tracks [S] WV: Hasten to the exit post-haste! 0755 Mark Hadley Sburban Reversal (Original)
0%
AlterniaBound 25 Toby Fox Science Seahorse
0%
Homestuck Vol. 8 17 Erik Scheele Scourge Sisters
0%
Homestuck Vol. 5 43 [S] Rose and Dave: Shut up and jam. 1720 Jared Micks Shatterface
0%
AlterniaBound 08 Tensei She's a Sp8der
0%
Homestuck Vol. 5 17 Solatrus Skaia (Incipisphere Mix)
0%
Song of Skaia 2 Mark Hadley Skaian Birth
0%
Homestuck Vol. 2 02 [S] John: Sleep.[S] John: Wake up. 06440651 Bill Bolin Skaian Dreams Remix
0%
Homestuck Vol. 10 13 Seth Peelle Skaian Happy Flight
0%
Homestuck Vol. 5 11 Seth Peelle, Andrew Huo Skaian Ride
0%
Homestuck Vol. 5 59 Toby Fox Snow Pollen
0%
Homestuck Vol. 5 55 Robert J! Lake Softly
0%
Homestuck Vol. 5 68 Steve Everson Song of Life
0%
Homestuck Vol. 10 06 Malcolm Brown Sound Judgement
0%
Homestuck Vol. 5 57 David Ko Space Prankster
0%
Genesis Frog 16 Alexander Rosetti Speaker (Skaia's Reflection)
0%
Squiddles! 15 Malcolm Brown Squiddidle!
0%
Squiddles! 04 Erik Scheele Squiddle March
0%
Squiddles! 03 Ian Taylor Squiddle Paradise
0%
Squiddles! 13 Michael Guy Bowman Squiddle Samba
0%
Squiddles! 11 Robert J! Lake Squiddles Happytime Fun Go!
0%
Squiddles! 14 Solatrus Squiddles in Paradise
0%
coloUrs and mayhem: Universe B 12 Maya Kem Squiddle Song
0%
Squiddles! 18 Toby Fox Squiddles the Movie Trailer - The Day the Unicorns Couldn't Play
0%
Homestuck Vol. 10 19 Solatrus Starfall
0%
Homestuck Vol. 9 49 Nick Smalley Stargaze
0%
Alternia 15 Toby Fox Staring
0%
Genesis Frog 12 Alexander Rosetti Stoke the Forge
0%
Homestuck Vol. 9 16 Toby Fox, Buzinkai Stress
0%
Unreleased Tracks [S] Rose and Dave: Shut up and jam. 1720 Bill Bolin Strider Showdown
0%
Squiddles! 06 Alexander Rosetti Sun-Speckled Squiddly Afternoon
0%
Homestuck Vol. 9 36 Thomas Ferkol Sweet Dreams, Timaeus
0%
The Felt 02 Solatrus Swing of the Clock
0%
Homestuck Vol. 5 67 Jared Micks Switchback
0%
Midnight Crew: Drawing Dead 15 Clark Powell Tall, Dark and Loathsome
0%
Squiddles! 05 Michael Guy Bowman Tangled Waltz
0%
The Felt 13 Erik Scheele Temporal Piano
0%
Homestuck Vol. 8 21 Robert J! Lake Temporary
0%
Squiddles! 10 Robert J! Lake Tentacles
0%
Homestuck Vol. 8 13 Solatrus Terraform
0%
Homestuck Vol. 10 22 Max Wright Thanks for Playing
0%
Midnight Crew: Drawing Dead 09 Toby Fox The Ballad of Jack Noir
0%
AlterniaBound 27 Toby Fox The Blind Prophet
0%
The Felt 07 Erik Scheele The Broken Clock
0%
Homestuck Vol. 9 38 Thomas Ferkol The Changing Game
0%
Mobius Trip and Hadron Kaleido 9 Michael Guy Bowman The Deeper You Go
0%
Prospit & Derse 2 Solatrus The Golden Towers
0%
Sburb 06 James Dever, Erik Scheele The Meek
0%
Prospit & Derse 6 Solatrus The Obsidian Towers
0%
Sburb 01 James Dever, Erik Scheele The Prelude
0%
Squiddles! 12 Nick Smalley The Sound of Pure Squid Giggles
0%
Genesis Frog 14 Alexander Rosetti The Temple's Withered Bloom
0%
Genesis Frog 17 Alexander Rosetti The Vast Croak
0%
coloUrs and mayhem: Universe B 22 Kris Flacke The Vast Glub
0%
Genesis Frog 09 Alexander Rosetti Thip of the Tongue
0%
Homestuck Vol. 9 30 Erik Scheele Three in the Morning (Aftermath)
0%
Homestuck Vol. 4 09 Robert J! Lake Three in the Morning (RJ's I Can Barely Sleep In This Casino Remix)
0%
Homestuck Vol. 1-4 36 Robert J! Lake Three in the Morning (RJ's I Can Barely Sleep In This Casino Remix)
0%
Homestuck Vol. 9 32 Robert J! Lake, Thomas Ferkol Three's a Crowd
0%
Homestuck Vol. 5 50 Steve Everson Throwdown
0%
The Felt 14 Thomas Ferkol Time Paradox
0%
The Wanderers 16 Toby Fox, Tensei Tomahawk Head
0%
The Felt 09 Mark Hadley Trails
0%
Homestuck Vol. 9 03 Svix Trepidation
0%
Homestuck Vol. 7: At the Price of Oblivion 05 Malcolm Brown Trial and Execution
0%
AlterniaBound 19 [S] 3x SHOWDOWN COMBO. 3520 Tensei Trollian Standoff
0%
Unreleased Tracks [S] Rose and Dave: Shut up and jam. 1720 Bill Bolin Unbound
0%
Homestuck Vol. 5 38 Steve Everson Underworld
0%
Homestuck Vol. 5 37 Alexander Rosetti Upholding the Law
0%
The Wanderers 15 David Ko Vagabounce Remix
0%
Homestuck Vol. 5 52 Kalibration Valhalla
0%
The Felt 17 Robert J! Lake Variations
0%
Homestuck Vol. 5 26 [S] Dave: Strife! 1070 Toby Fox Versus
0%
Homestuck Vol. 5 46 Toby Fox Vertical Motion
0%
coloUrs and mayhem: Universe B 29 Catboss Vodka Mutiny
0%
Homestuck Vol. 6: Heir Transparent 11 David Ko, Toby Fox Wacky Antics
0%
Homestuck Vol. 6: Heir Transparent 08 [S] Past Karkat: Wake up. 2792 Erik Scheele Walk-Stab-Walk (R&E)
0%
Unreleased Tracks [S] ==> 5764 Toby Fox Warhammer of Zillyhoo (With Mario Paint)
0%
The Wanderers 07 Steve Everson We Walk
0%
The Wanderers 13 Alexander Rosetti What a Daring Dream
0%
Unreleased Tracks MOVIE #1: hooly SHIT, wear a MOVIE??????????? SBAHJthemovie1 David Ko where making this happen
0%
Homestuck Vol. 9 05 Robert J! Lake Whistling Jackhammer
0%
Homestuck Vol. 5 12 Toby Fox White
0%
Homestuck Vol. 7: At the Price of Oblivion 20 Tensei White Host, Green Room
0%
Unreleased Tracks [S] ==>[S] Jane: Get mail. [S] ==> 00824282 8129 Clark Powell Windchime Foley
0%
Homestuck Vol. 7: At the Price of Oblivion 14 Erik Scheele WSW-Beatdown
0%
coloUrs and mayhem: Universe B 23 Solarbear WV: Become the Mayor of Cans
0%
The Wanderers 05 Robert J! Lake Years in the Future
0%
No matching quizzes found
Score Distribution
Percent of People with Each Score
Percentile by Number Answered
Your Score History
You have not taken this quiz